[Event "GER Schools Cup g/7'+3\""]
[Site "Playchess.com INT"]
[Date "2004.01.14"]
[Round "4.4"]
[White "Bilsing, Martin"]
[Black "Koss, Christian"]
[Result "0-1"]
[WhiteElo "1812"]
[BlackElo "1862"]
[PlyCount "74"]
[EventDate "2004.01.23"]
[EventType "team (blitz)"]
[EventRounds "12"]
[EventCountry "GER"]
[SourceTitle "EXT 2005"]
[Source "ChessBase"]
[SourceDate "2004.11.15"]
[SourceVersion "1"]
[SourceVersionDate "2004.11.15"]
[SourceQuality "1"]

1. e4 d5 2. exd5 Qxd5 3. Nc3 Qa5 4. Nf3 c6 5. d3 Bg4 6. Bd2 Qc7 7. Be2 Nf6 8. 0-0 e6 9. h3 Bh5 10. Nd4 Bxe2 11. Qxe2 Bc5 12. Nf5 0-0 13. Ng3 Qxg3 14. b4 Bd4 15. Rae1 Qd6 16. Ne4 Nxe4 17. Qxe4 Nd7 18. c3 Bf6 19. Re3 Bg5 20. f4 Be7 21. Rg3 Nf6 22. Qf3 Qd5 23. Qe2 Rad8 24. Bc1 c5 25. b5 Nh5 26. Rgf3 Bh4 27. c4 Qd4+ 28. Kh1 Ng3+ 29. Rxg3 Bxg3 30. Qg4 Bf2 31. Qf3 Bh4 32. Qg4 Bf6 33. Qf3 Qxd3 34. Qf2 Bd4 35. Qe1 Qxc4 36. Rf3 Qb4 37. Rg3 Qxe1+ 0-1

[Event "GER Schools Cup g/7'+3\""]
[Site "Playchess.com INT"]
[Date "2004.01.14"]
[Round "4.2"]
[White "Matiebe, Falk"]
[Black "Koss, Christian"]
[Result "0-1"]
[WhiteElo "1666"]
[BlackElo "1825"]
[PlyCount "56"]
[EventDate "2004.01.23"]
[EventType "team (blitz)"]
[EventRounds "12"]
[EventCountry "GER"]
[SourceTitle "EXT 2005"]
[Source "ChessBase"]
[SourceDate "2004.11.15"]
[SourceVersion "1"]
[SourceVersionDate "2004.11.15"]
[SourceQuality "1"]

1. e4 d5 2. exd5 Qxd5 3. Nc3 Qa5 4. Nf3 c6 5. d3 Bg4 6. Be2 Nf6 7. 0-0 e6 8. Be3 Bd6 9. h3 Bh5 10. Nd4 Bxe2 11. Qxe2 0-0 12. Nf3 Nbd7 13. a3 Qc7 14. Bg5 h6 15. Be3 Nd5 16. Nxd5 cxd5 17. Rfe1 b6 18. d4 Rac8 19. c3 Nf6 20. Qc2 Rfe8 21. Bc1 b5 22. Ne5 Nd7 23. Ng4 e5 24. dxe5 Nxe5 25. Nxe5 Bxe5 26. Qf5 Bh2+ 27. Kf1 Qc4+ 28. Re2 Qxe2# 0-1

[Event "Wichern op 5th"]
[Site "Hamburg"]
[Date "1999.10.17"]
[Round "3"]
[White "Koss, Christian"]
[Black "Jendrian, Michael"]
[Result "1/2-1/2"]
[WhiteElo "1454"]
[BlackElo "1903"]
[PlyCount "92"]
[EventDate "1999.10.15"]
[EventType "swiss"]
[EventRounds "9"]
[EventCountry "GER"]
[SourceTitle "EXT 2001"]
[Source "ChessBase"]
[SourceDate "2000.11.22"]
[SourceVersion "1"]
[SourceVersionDate "2000.11.22"]
[SourceQuality "1"]

1. d4 f5 2. c4 Nf6 3. Nc3 d6 4. Nf3 g6 5. g3 Bg7 6. Bg2 0-0 7. 0-0 c6 8. Bg5 Qc7 9. Qd2 Rd8 10. Bh6 Bh8 11. Qc2 Na6 12. Rac1 e6 13. Rfd1 Bd7 14. a3 Rac8 15. Rd2 e5 16. dxe5 dxe5 17. e4 Nc5 18. Nh4 f4 19. b4 Ne6 20. Nf3 Nh5 21. Ne2 Be8 22. Rcd1 Rxd2 23. Rxd2 Rd8 24. Ng5 Nxg5 25. Bxg5 Rxd2 26. Qxd2 fxg3 27. hxg3 Bf7 28. Qd3 Be6 29. c5 Kf7 30. Qf3+ Kg8 31. Kh2 Qd7 32. Ng1 Bg4 33. Qb3+ Be6 34. Bh3 Kf7 35. Bxe6+ Qxe6 36. Qxe6+ Kxe6 37. f3 Nf6 38. Kg2 Bg7 39. Kf2 h6 40. Be3 g5 41. g4 Ne8 42. Ne2 Bf8 43. Ng3 Nc7 44. Nf5 a5 45. Ke2 Nb5 46. Bc1 Kf6 1/2-1/2